000 02801mam a22003494a 4500
001 3271642
003 ARRUPE
005 20151104123001.0
008 011003s2002 ilu b 001 0 eng
010 _a 2001051600
020 _a083082670X (cloth : alk. paper)
035 _a(OCoLC)ocm48131970
040 _aDLC
_cDLC
_dYDX
_dOrLoB-B
042 _apcc
050 0 0 _aBR165
_b.S59 2002
082 0 0 _a270.1
_221
100 1 _aSkarsaune, Oskar,
_d1946-
_920943
245 1 0 _aIn the shadow of the temple :
_bJewish influences on early Christianity /
_cOskar Skarsaune.
260 _aDowners Grove, Ill. :
_bInterVarsity Press,
_cc2002.
300 _a455 p. ;
_c24 cm.
504 _aIncludes bibliographical references and indexes.
505 0 0 _gPt. 1.
_tThe Mother Soil: Judaism from the Maccabees to the Rabbis.
_g1.
_tThe Cultural Dimension: Judaism & Hellenism.
_g2.
_tThe Political Dimension: Jews & the Roman Empire.
_g3.
_tThe Geographical Dimension: The Land of Israel & the Diaspora.
_g4.
_tJerusalem: The City of the Temple.
_g5.
_tHow Many "Judaisms"? --
_gPt. 2.
_tChristian Beginnings: From Jewish Party to Gentile Church.
_g6.
_tJesus Within Judaism.
_g7.
_tThe Early Jerusalem Community of Believers in Jesus.
_g8.
_tThe Mission to the Gentiles & the Question of the Torah.
_g9.
_tThe Land of Israel: The Church of Jewish Believers.
_g10.
_tThe Diaspora: The Church of Jews & Gentiles.
_g11.
_tEncounter with Paganism - & the Jewish Heritage.
_g12.
_tOrthodoxy & Heresy: The Challenge from Gnosticism & Marcion.
_g13.
_tElder & Younger Brothers: The Second-Century Debate with Judaism --
_gPt. 3.
_tThe Persistence of the Jewish Heritage: Faith & Order in the Early Church.
_g14.
_tWhich Books Belong in the Bible? The Question of Canon.
505 8 0 _g15.
_tChristology in the Making (I): The Messiah.
_g16.
_tChristology in the Making (II): The Incarnate Word.
_g17.
_tThe Creative Spirit.
_g18.
_tConversion, Baptism & New Life.
_g19.
_tWorship & Calendar: The Christian Week and Year.
_g20.
_tPassover & Eucharist --
_gPt. 4.
_tEpilogue.
_g21.
_tThe Church Facing a New Era.
520 1 _a"This is a book that will both fascinate and inform its readers. It embraces a historical period that transcends the ordinary divisions of labor between scholars of Christian origins and early church history. And it offers insights into that history that challenge the prevailing notions of the way it was - and the way it must be between Christians and Jews."--BOOK JACKET.
650 0 _aChurch history
_yPrimitive and early church, ca. 30-600.
_920944
650 0 _aChristianity and other religions
_xJudaism
_xHistory.
_920945
650 0 _aJudaism
_xRelations
_xChristianity
_xHistory.
_920946
650 0 _aChristianity
_xOrigin.
_911959
650 0 _aJudaism
_xInfluence.
_920947
900 _bTOC
942 _2lcc
_cMONOGRAPH
999 _c123743
_d123743